Unkonventionelle Instrumente der Geldpolitik der Zentralbanken und deren Steuerungswirkungen auf die Wirtschaft diplomová práca

Guardado en:
Detalles Bibliográficos
Autor principal: Golian, Róbert
Autor Corporativo: Ekonomická univerzita v Bratislave. Ústav medzinárodných programov
Otros Autores: Bikár, Miloš, 1973-
Formato: Libro
Lenguaje:alemán
Publicado: Bratislava 2015
Etiquetas: Agregar Etiqueta
Sin Etiquetas, Sea el primero en etiquetar este registro!

MARC

LEADER 00000nbm a2200000 4500
001 0213657
005 20170315090449.0
041 0 |a ger 
044 |a SK 
245 1 0 |a Unkonventionelle Instrumente der Geldpolitik der Zentralbanken und deren Steuerungswirkungen auf die Wirtschaft  |b diplomová práca  |c Róbert Golian ; školiteľ: Miloš Bikár 
264 1 |a Bratislava  |c 2015 
300 |a 63 s. 
100 1 |a Golian, Róbert 
700 1 |a Bikár, Miloš, 1973- 
710 2 |a Ekonomická univerzita v Bratislave. Ústav medzinárodných programov